000 00621nam a2200229Ia 4500
003 OSt
005 20221007063038.0
006 a|||||r|||| 00| 0
007 ta
008 221006b |||||||| |||| 00| 0 eng d
024 _a7,987
037 _cTextual
040 _aFLL
_cFLL
_beng
041 _2eng
_aeng
082 _aZ2vN78, M4.2
100 _aJois M. Rama
_9683741
245 0 _aLegal and constitutional history of India
260 _aBombay
_bN.M. Tripathi Private Ltd. India
_c1984
300 _a388p
_ccm.
942 _hZ2vN78, M4.2
_cTEXL
_2CC
999 _c1130216
_d1130216